Developing cultural literacy through multimodal texts

Salvato in:
Dettagli Bibliografici
Autore principale: Hrivíková, Tatiana, 1959-
Natura: Capitolo di libro
Lingua:inglese
Soggetti:
Tags: Aggiungi Tag
Nessun Tag, puoi essere il primo ad aggiungerne!!

MARC

LEADER 00000naa$a2200000$$$4500
001 0195715
005 20240502083456.9
041 0 |a eng 
044 |a HU 
245 1 0 |a Developing cultural literacy through multimodal texts  |c Tatiana Hrivíková 
610 2 0 |a gramotnosť 
610 2 0 |a kultúra 
610 2 0 |a vzdelávanie 
610 2 0 |a globalizácia 
610 2 0 |a komunikácia interkultúrna 
100 1 |a Hrivíková, Tatiana, 1959-